000 00226nam a22000857a 4500
008 160718b xxu||||| |||| 00| 0 eng d
100 _92999
_a Baig, M.I., et al
245 _aIntegrated Mathematics - 1
260 _aNew Delhi
_bNavdeep
999 _c2562
_d2562